Memorias de los diálogos regionales para la construcción del Plan Nacional de Desarrollo, 2014-2018 / (Registro nro. 4246)

Detalles MARC
000 -LEADER
fixed length control field 01157nam a2200241Ia 4500
003 - CONTROL NUMBER IDENTIFIER
control field OSt
005 - DATE AND TIME OF LATEST TRANSACTION
control field 20210113090001.0
008 - FIXED-LENGTH DATA ELEMENTS--GENERAL INFORMATION
fixed length control field 191128s2016 ck adb fr 000 0 spa d
020 ## - INTERNATIONAL STANDARD BOOK NUMBER
International Standard Book Number 9789588340975
040 ## - CATALOGING SOURCE
Original cataloging agency CO-JMCR
Transcribing agency CO-JMCR
041 0# - LANGUAGE CODE
Language code of text/sound track or separate title spa
082 04 - DEWEY DECIMAL CLASSIFICATION NUMBER
Classification number 338.986 /
Item number G643m
Edition number 23
100 1# - MAIN ENTRY--PERSONAL NAME
Personal name González Restrepo, John Mario,
Relator term compilador
9 (RLIN) 7530
245 10 - TITLE STATEMENT
Title Memorias de los diálogos regionales para la construcción del Plan Nacional de Desarrollo, 2014-2018 /
Statement of responsibility, etc. Departamento Nacional de Planeación ; compilador John Mario González Restrepo
260 ## - PUBLICATION, DISTRIBUTION, ETC.
Place of publication, distribution, etc. Bogotá :
Name of publisher, distributor, etc. Departamento Nacional de Planeación,
Date of publication, distribution, etc. 2016
300 ## - PHYSICAL DESCRIPTION
Extent 70 páginas :
Other physical details gráficos y mapas a color ;
Dimensions 27 cm.
504 ## - BIBLIOGRAPHY, ETC. NOTE
Bibliography, etc. note Bibliografía: páginas 69-70
505 0# - FORMATTED CONTENTS NOTE
Formatted contents note El salto cualitativo del enfoque territorial del Plan Nacional de Desarrollo 2014-2018 -- Una herencia de brechas -- Un enfoque para profundizar la descentralización -- Marco metodológico
650 14 - SUBJECT ADDED ENTRY--TOPICAL TERM
Topical term or geographic name entry element Planes de desarrollo
Chronological subdivision 2014-2018
Geographic subdivision Colombia
9 (RLIN) 7527
650 14 - SUBJECT ADDED ENTRY--TOPICAL TERM
Topical term or geographic name entry element Desarrollo económico
Chronological subdivision 2014-2018
Geographic subdivision Colombia
9 (RLIN) 7528
650 14 - SUBJECT ADDED ENTRY--TOPICAL TERM
Topical term or geographic name entry element Indicadores económicos
Chronological subdivision 2014-2018
Geographic subdivision Colombia
9 (RLIN) 7529
942 ## - ADDED ENTRY ELEMENTS (KOHA)
Source of classification or shelving scheme Dewey Decimal Classification
Koha item type Books
Existencias
Withdrawn status Lost status Source of classification or shelving scheme Damaged status Not for loan Collection code Home library Current library Date acquired Source of acquisition Full call number Barcode Date last seen Copy number Koha item type
    Dewey Decimal Classification     Non-fiction Biblioteca Pública José María del Castillo y Rada Biblioteca Pública José María del Castillo y Rada 12/01/2017 Donación 338.986 / G643m 201809075 05/16/2024 Ej.1 Books